Lettres de Paul Gauguin a Georges-Daniel de Monfreid / (Record no. 71139)
[ view plain ]
| 000 -LEADER | |
|---|---|
| campo de control de longitud fija | 00552nam a2200169 i 4500 |
| 001 - NÚMERO DE CONTROL | |
| campo de control | 71139 |
| 003 - IDENTIFICADOR DE NÚMERO DE CONTROL | |
| campo de control | ES-MaACL |
| 005 - FECHA Y HORA DE LA ÚLTIMA TRANSACCIÓN | |
| campo de control | 20230906171032.0 |
| 007 - CAMPO FIJO DE DESCRIPCIÓN FÍSICA--INFORMACIÓN GENERAL | |
| campo de control de longitud fija | t| |
| 008 - DATOS DE LONGITUD FIJA--INFORMACIÓN GENERAL | |
| campo de control de longitud fija | 040805s1918 fr ||||1| fre d |
| 100 1# - ENTRADA PRINCIPAL--NOMBRE DE PERSONA | |
| Nombre de persona | Gauguin, Paul. |
| 9 (RLIN) | 56001 |
| 245 10 - MENCIÓN DEL TÍTULO | |
| Título | Lettres de Paul Gauguin a Georges-Daniel de Monfreid / |
| Mención de responsabilidad, etc. | Paul Gauguin ; précédées d'un hommage par Victor Segalen. |
| 260 ## - PUBLICACIÓN, DISTRIBUCIÓN, ETC. | |
| Lugar de publicación, distribución, etc. | Paris : |
| Nombre del editor, distribuidor, etc. | Zurich, |
| Fecha de publicación, distribución, etc. | 1918 ( |
| Lugar de fabricación/manufactura | Alençon : |
| Fabricante | Geo. Import.) |
| 300 ## - DESCRIPCIÓN FÍSICA | |
| Extensión | 357 p., 8 lám. ; |
| Dimensiones | 18 cm. |
| 700 1# - ENTRADA AGREGADA--NOMBRE PERSONAL | |
| Nombre de persona | Segalen, Victor. |
| 9 (RLIN) | 105113 |
| 852 ## - LOCALIZACIÓN | |
| Ubicación | ES-MaACL |
| Número de control de estantería | F-10578 |
| Estatus retirado | Estado de pérdida | Estado de daño | No para préstamo | Biblioteca de origen | Biblioteca actual | Ubicación en estantería | Fecha de adquisición | Fuente de adquisición | Total de préstamos | Signatura topográfica completa | Código de barras | Visto por última vez | Precio de reemplazo | Tipo de ítem Koha |
|---|---|---|---|---|---|---|---|---|---|---|---|---|---|---|
| Biblioteca del Ateneo de Madrid | Biblioteca del Ateneo de Madrid | Sala Pecera Planta 2 | 17/01/2008 | F-10578 | 1074488 | 23/02/2023 | 23/02/2023 | Libro impreso |
